Trattato dei miracoli / (Record n. 357826)

Dettagli MARC
000 -LEADER
fixed length control field 01131nam a2200301 a 4500
001 - CONTROL NUMBER
control field 000000418109
003 - CONTROL NUMBER IDENTIFIER
control field IT-MiSPE
005 - DATE AND TIME OF LATEST TRANSACTION
control field 20180505175310.0
008 - FIXED-LENGTH DATA ELEMENTS--GENERAL INFORMATION
fixed length control field 150513s2015 it 001 udita d
020 ## - INTERNATIONAL STANDARD BOOK NUMBER
International Standard Book Number 9788831544665
040 ## - CATALOGING SOURCE
Original cataloging agency IT-MiSPE
Language of cataloging ita
Modifying agency clb
Transcribing agency IT-MiSPE
082 ## - DEWEY DECIMAL CLASSIFICATION NUMBER
Classification number 271.309 2 TOM ce tr
100 0# - MAIN ENTRY--PERSONAL NAME
Personal name Thomas de Celano,
Titles and words associated with a name b.,
Dates associated with a name ca.1190-1260.
9 (RLIN) 56985
245 10 - TITLE STATEMENT
Title Trattato dei miracoli /
Statement of responsibility, etc. Tommaso da Celano ; introduzione, traduzione e note di Alessandro Mastromatteo.
260 ## - PUBLICATION, DISTRIBUTION, ETC. (IMPRINT)
Place of publication, distribution, etc. Milano :
Name of publisher, distributor, etc. Edizioni Paoline,
Date of publication, distribution, etc. ©2015.
300 ## - PHYSICAL DESCRIPTION
Extent 201 p. ;
Dimensions 20 cm
490 1# - SERIES STATEMENT
Series statement Letture cristiane del secondo millennio ;
Volume/sequential designation 054
504 ## - BIBLIOGRAPHY, ETC. NOTE
Bibliography, etc Bibliografia (p. [67]-73) e indici
655 #7 - INDEX TERM--GENRE/FORM
Genre/form data or focus term Francescani, 1209-
General subdivision Vari autori spirituali.
Source of term local
9 (RLIN) 56986
655 #7 - INDEX TERM--GENRE/FORM
Genre/form data or focus term Teologia fondamentale
General subdivision Il miracolo.
Source of term local
9 (RLIN) 56987
700 1# - ADDED ENTRY--PERSONAL NAME
Personal name Mastromatteo, Alessandro,
Titles and other words associated with a name o.f.m.,
Dates associated with a name 1980-,
Relator term ed.
9 (RLIN) 56988
830 #0 - SERIES ADDED ENTRY--UNIFORM TITLE
Uniform title Letture cristiane del secondo millennio ;
Volume number/sequential designation 054.
9 (RLIN) 56989
942 ## - ADDED ENTRY ELEMENTS (KOHA)
Source of classification or shelving scheme Dewey Decimal Classification
Koha item type LIBRO
990 10 - EQUIVALENCES OR CROSS-REFERENCES [LOCAL, CANADA]
Link information for 9XX fields 90001a
Link information for field corresponding to 9XX field 10003acd
Dati di copia
Withdrawn status Lost status Source of classification or shelving scheme Damaged status Not for loan Home library Current library Date acquired Total Checkouts Full call number Barcode Date last seen Price effective from Koha item type
    Dewey Decimal Classification Buone Condizioni Not For Loan CINISELLO CINISELLO 05/05/2018   271.309 2 TOM ce tr (23118) 9788831544665 05/05/2018 05/05/2018 LIBRO
CREDITS: SOCIETA' SAN PAOLO Via A.Severo, 58 - ROMA (RM) & PERIODICI SAN PAOLO SRL Via Giotto, 36 MILANO & CISF Via Giotto, 36 MILANO & EDIZIONI SAN PAOLO SRL,  Piazza Soncino, 5 CINISELLO BALSAMO (MI) -- ITALY